| 000 | 00939cam a2200289 a 4500 | ||
|---|---|---|---|
| 999 |
_c523621 _d523621 |
||
| 001 | 3505911 | ||
| 003 | NUST | ||
| 005 | 20190516073850.0 | ||
| 008 | 950606s1996 mau b 001 0 eng | ||
| 010 | _a 95023156 | ||
| 020 | _a0205168418 | ||
| 038 | _awaseem | ||
| 040 |
_aDLC _cDLC _dDLC |
||
| 050 | 0 | 0 |
_aH62 _b.H725 1996 |
| 082 | 0 | 0 |
_a300.72 _bHUL |
| 100 | 1 |
_aHult, Christine A. _914362 |
|
| 245 | 1 | 0 |
_aResearching and writing in the social sciences / _cChristine A. Hult. |
| 260 |
_aBoston : _bAllyn and Bacon, _cc1996. |
||
| 300 |
_aviii, 192 p. ; _c23 cm. |
||
| 504 | _aIncludes bibliographical references and index. | ||
| 650 | 0 |
_aSocial sciences _xResearch. _93653 |
|
| 650 | 0 |
_aSocial sciences _xMethodology. _91585 |
|
| 650 | 0 |
_aAcademic writing. _94018 |
|
| 906 |
_a7 _bcbc _corignew _d1 _eocip _f19 _gy-gencatlg |
||
| 942 |
_2ddc _cBK |
||